| 000 | 00898cab a2200313 4500 | ||
|---|---|---|---|
| 001 | ABS37171 | ||
| 008 | 090401t1986 xxu||||| |||| 00| 0 eng d | ||
| 035 | _a(Sirsi) u2638 | ||
| 041 | _aeng | ||
| 245 | _aGuide to hard landscape | ||
| 260 | _c1986 | ||
| 350 | _a0 | ||
| 490 |
_aArchitects` Journal _vSupplement 184(48) 26 November 1986 |
||
| 520 | _aA collection of articles concerned with the design and construction of hard landscape . | ||
| 650 | _aBLOCKS | ||
| 650 | _aBRITISH STANDARDS | ||
| 650 | _aBUILT ENVIRONMENT | ||
| 650 | _aDESIGN | ||
| 650 | _aDRAINAGE | ||
| 650 | _aLANDSCAPE DESIGN | ||
| 650 | _aLIGHTING | ||
| 650 | _aPAVING | ||
| 650 | _aSTREET FURNITURE | ||
| 650 | _aBUILT ENVIRONMENT-BUILDING ELEMENTS-COMPLETE BUILDING ELEMENTS-WALLS | ||
| 650 | _aWINDLOADING | ||
| 690 | _aBUILT ENVIRONMENT-CONSTRUCTION DESIGN | ||
| 942 | _n0 | ||
| 948 | _c04/03/1997 | ||
| 999 |
_c1586 _d1586 |
||